South Eastern Kenya University

Library Online Public Access Catalogue


The Rough Guide to cloud computing / (Record no. 16524)

MARC details
000 -LEADER
fixed length control field 02026cam a22003377a 4500
001 - CONTROL NUMBER
control field 16202992
003 - CONTROL NUMBER IDENTIFIER
control field OSt
005 - DATE AND TIME OF LATEST TRANSACTION
control field 20180410094806.0
008 - FIXED-LENGTH DATA ELEMENTS--GENERAL INFORMATION
fixed length control field 100426s2010 enka b 001 0 eng d
010 ## - LIBRARY OF CONGRESS CONTROL NUMBER
LC control number 2010278761
020 ## - INTERNATIONAL STANDARD BOOK NUMBER
International Standard Book Number 9781848365209 (pbk.)
020 ## - INTERNATIONAL STANDARD BOOK NUMBER
International Standard Book Number 1848365209 (pbk.)
040 ## - CATALOGING SOURCE
Original cataloging agency SEKU
050 00 - LIBRARY OF CONGRESS CALL NUMBER
Classification number TK 5105.88813
Item number .B8
100 1# - MAIN ENTRY--PERSONAL NAME
Personal name Buckley, Peter.
245 14 - TITLE STATEMENT
Title The Rough Guide to cloud computing /
Statement of responsibility, etc. Peter Buckley.
246 30 - VARYING FORM OF TITLE
Title proper/short title Cloud computing
250 ## - EDITION STATEMENT
Edition statement 1st ed.
260 ## - PUBLICATION, DISTRIBUTION, ETC. (IMPRINT)
Place of publication, distribution, etc. London :
Name of publisher, distributor, etc. Rough Guides :
-- Distributed by the Penguin Group,
Date of publication, distribution, etc. 2010.
300 ## - PHYSICAL DESCRIPTION
Extent 213 p. :
Other physical details ill. ;
490 1# - SERIES STATEMENT
Series statement Rough guides reference
504 ## - BIBLIOGRAPHY, ETC. NOTE
Bibliography, etc Includes bibliographical references and index.
505 0# - FORMATTED CONTENTS NOTE
Formatted contents note Cloud basics. FAQs : frequently asked questions ; The cloud : from home ; The cloud : going mobile ; Security & safety ; Staying in sync -- Life in the cloud. Staying in touch ; Contacts & calendars ; To-do lists ; Social bookmarks ; Online storage -- Work in the cloud. Online desktops ; Office suites & tools ; Messing with images ; Notes & scrapbooks -- Play in the cloud. Cloud music & video ; Photo clouds ; Social networks ; Maps & more.
520 ## - SUMMARY, ETC.
Summary, etc. Twenty years from now we will wonder how we managed in the days before all our documents, bookmarks, emails applications and music were available from anywhere, from any device, 24-7. That's what cloud computing is all about: being creative, being entertained and being organized in an ever-changing digital age.
520 ## - SUMMARY, ETC.
Summary, etc. "The Rough Guide to Cloud Computing" is your essential "how to" guide for taking your life online, teaching you how to use online tools to become more productive, find new ways to work and, of course, play. Covers Google Docs, Zoho Office, Twiddla, Flickr, Spotify and Last.fm, Remember The Milk, and Evernote.
650 #0 - SUBJECT ADDED ENTRY--TOPICAL TERM
Topical term or geographic name as entry element Cloud computing.
650 #0 - SUBJECT ADDED ENTRY--TOPICAL TERM
Topical term or geographic name as entry element Web services.
650 #0 - SUBJECT ADDED ENTRY--TOPICAL TERM
Topical term or geographic name as entry element Electronic data processing
General subdivision Distributed processing.
830 #0 - SERIES ADDED ENTRY--UNIFORM TITLE
Uniform title Rough Guides reference guides.
942 ## - ADDED ENTRY ELEMENTS (KOHA)
Source of classification or shelving scheme Library of Congress Classification
Koha item type General circulation
Holdings
Withdrawn status Lost status Source of classification or shelving scheme Damaged status Not for loan Home library Current library Shelving location Date acquired Source of acquisition Total Checkouts Full call number Barcode Date last seen Date last checked out Price effective from Koha item type
    Library of Congress Classification     Main Campus Library Main Campus Library General Stacks 10/04/2018 Donation 1 TK 5105.88813 .B8 2018/020504 21/06/2019 21/06/2019 10/04/2018 General circulation
Kitui, Kenya.
+254736116989
library@seku.ac.ke